Statistics for Paris by Picture

Click here to take the quiz!

General Stats

  • This quiz has been taken 71 times
  • The average score is 12 of 16

Answer Stats

Answer % Correct
Musée du Louvre
97%
Notre Dame
94%
Eiffel Tower
91%
Seine
89%
Arc de Triomphe
86%
Moulin Rouge
82%
Metro
76%
Centre {Pompidou}
71%
Gare du {Nord}
71%
Champs-Élysées
71%
Roland Garros
62%
Musee {d'Orsay}
58%
La Défense
55%
{Hôtel} de Ville
55%
Panthéon
50%
{Élysée} Palace
42%

Score Distribution

Percentile by Number Answered

Percent of People with Each Score

Your Score History

You have not taken this quiz